Statistics for Super Smash Bros. Tier List Quiz

Click here to take the quiz!

General Stats

  • This quiz has been taken 371 times
  • The average score is 10 of 12

Answer Stats

TierFighterVote% Correct
BMario6.49
92%
SPikachu1.10
87%
CLuigi11.67
84%
CDonkey Kong9.49
81%
AFox3.75
81%
SKirby2.18
81%
ACaptain Falcon3.42
80%
CLink10.33
80%
BJigglypuff6.46
78%
CNess10.02
76%
CSamus9.28
74%
AYoshi4.85
73%

Score Distribution

Percentile by Number Answered

Percent of People with Each Score

Your Score History

You have not taken this quiz